[Event "SRB-chT3 North CS"]
[Site "Serbia"]
[Date "2017.10.13"]
[Round "7.3"]
[White "Stojanovic, Djordje"]
[Black "Simonovic, Milomir D"]
[Result "1-0"]
[WhiteElo "2044"]
[BlackElo "1842"]
[PlyCount "108"]
[EventDate "2017.09.03"]
[EventType "team-tourn"]
[EventRounds "11"]
[EventCountry "SRB"]
[SourceTitle "EXT 2021"]
[Source "ChessBase"]
[SourceDate "2020.10.23"]
[SourceVersion "1"]
[SourceVersionDate "2020.10.23"]
[SourceQuality "1"]

1. d4 d5 2. c4 e6 3. Nc3 Bb4 4. Nf3 Nf6 5. Bg5 h6 6. Bh4 Nc6 7. e3 a6 8. Qc2 g5 9. Bg3 Ne4 10. Bd3 Nxg3 11. hxg3 f5 12. cxd5 Qxd5 13. a3 Bxc3+ 14. bxc3 Qd8 15. c4 Qf6 16. Rb1 b6 17. d5 Ne5 18. d6 cxd6 19. Rxb6 0-0 20. Nxe5 Qxe5 21. Rxh6 Kg7 22. Rh5 Qa5+ 23. Rb4 Qxa3 24. Ra4 Qc5 25. Qc3+ Kg6 26. Rxg5+ Kf7 27. Qg7+ Ke8 28. Rh5 Ra7 29. Qg6+ Raf7 30. Rh7 Qe5 31. Kd2 Qb2+ 32. Bc2 a5 33. Kd1 Qc3 34. Rh4 Bd7 35. Rd4 Rh8 36. Rd2 Bxa4 37. Qxe6+ Kf8 38. Bxa4 Qa1+ 39. Ke2 Qxa4 40. Qxd6+ Kg8 41. Qg6+ Kf8 42. Rd8+ Qe8 43. Qd6+ Kg7 44. Rxe8 Rxe8 45. Qa6 Re5 46. Qd6 Ree7 47. c5 Ra7 48. Qd4+ Kf8 49. Qa4 Rfc7 50. c6 Ke7 51. Kf3 Ra6 52. g4 fxg4+ 53. Kxg4 Rcxc6 54. f4 Rcb6 1-0